000
00190 a2200097 4500
001
43548
100
_a
Kipling
245
_a
Ballads
260
_a
London
_b
Methuen
_c
090
_c
27365
_d
27365
942
_a
NUST-CAE
_c
M
_c
19297
999
_c
278621
_d
278621